Archivo Municipal de Caminomorisco
ISBN:
978-84-9852-123-8
Publicado:
Extremadura :
Junta de Extremadura. Consejería de Cultura y Turismo. Dirección General de Patrimonio Cultural ; Cáceres : Diputación de Cáceres ,
2008
Descripción Física:
127 p. ; 21 cm
Colección:
Archivos municipales de Extremadura ; 4
MARC
| LEADER | 00000nam a2200000Ia 4500 | ||
|---|---|---|---|
| 001 | 21270 | ||
| 003 | BGR | ||
| 005 | 20260324180020.0 | ||
| 008 | 160829s2008 xx 000 0 cat d | ||
| 020 | |a 978-84-9852-123-8 | ||
| 080 | |a A-2-340 | ||
| 245 | |a Archivo Municipal de Caminomorisco | ||
| 260 | |a Extremadura : |b Junta de Extremadura. Consejería de Cultura y Turismo. Dirección General de Patrimonio Cultural ; Cáceres : |b Diputación de Cáceres, |c 2008 | ||
| 300 | |a 127 p. ; |c 21 cm | ||
| 490 | |a Archivos municipales de Extremadura ; 4 | ||
| 650 | |a Archivo Municipal de Caminomorisco |x Catàlegs |9 43898 | ||
| 710 | 1 | |a Extremadura. |b Dirección General de Patrimonio Cultural |9 54118 | |
| 710 | 1 | |a Archivo Municipal de Caminomorisco |9 70524 | |
| 710 | 1 | |a Càceres (Extremadura : Província). |b Diputación |9 54506 | |
| 901 | |a Arxiu | ||
| 942 | |n 1 |2 udc |c MON | ||
| 952 | |0 0 |1 0 |4 0 |6 A2340 |7 1 |9 51668 |a Arxiu |b Arxiu |d 2016-12-01 |l 0 |o A-2-340 |p 21270 |r 2016-12-01 00:00:00 |w 2016-12-01 |y ARXIU | ||
| 999 | |c 55513 |d 55513 | ||